La Nouvelle-Zélande pour les touristes... - Facile - Statistiques

Statistiques générales
  • Ce quiz a été pris 22 fois
  • Le résultat moyen est 16 sur 20
Statistiques - réponses
Question Indice Réponses Indice facile % Correct
Quelles sont les langues officielles ? Anglais
100%
Achats à faire 3/ Sculpture en... Bois BIOS
95%
La conduite se fait à droite ou à gauche ? Gauche
95%
Avez-vous besoin d'un visa ? (oui/non) Non
95%
Dans la capitale y-a-t-il un décalage horaire avec Paris ? (oui/non) Oui
95%
Le principal aéroport est à A Auckland
90%
Achats à faire 1/ Vaisselle sculptée dans la Pierre REIERP
90%
La vitesse est limitée hors agglomérations à {100} km/h
86%
Combien d'heures (environ) mettrez-vous pour vous y rendre ? (en chiffres) 24
86%
Quelles sont les langues officielles ? Maori M
86%
Quelles sont les principaux lieux touristiques ? W Wellington TIGLONNELW
86%
Le suffixe internet est nz
81%
Quelle est la monnaie ? Dollar Néo-Zélandais $
76%
Quel est le climat local ? O Océanique
76%
Achats à faire 2/ Instrument à percussion Tambour URBOTAM
76%
Comment se nomme la principale compagnie aérienne locale ANZ Air New Zealand AWZADRENALINE
71%
La religion majoritaire est Catholicisme C
62%
Quelles sont les principaux lieux touristiques ? R Rotorua ORATOUR
52%
Quelles sont les principaux lieux touristiques ? I Bay of {Islands} SALDINS
43%
Quelles sont les principaux lieux touristiques ? C Péninsule de {Coromandel} CORDONALEM
38%
Aucun quiz correspondant
Distribution des résultats
% des personnes avec chaque résultat
Percentile par nombre de réponses
Votre historique - résultats
Vous n’avez pas pris ce quiz